000
00207 a2200097 4500
001
8418
090
_c
6788
_d
6788
100
_a
Graveley, G
245
_a
Six rose comedies of malice (664-B actioned)
260
_b
Oxford
942
_a
NUST-CAE
999
_c
243491
_d
243491